Lý thuyết về khai thác hợp lý nguồn tài nguyên khí hậu nông nghiệp : (Giáo trình cao học Nông nghiệp)

Nội dung sách gồm 4 phần chính: Giới thiệu sự tác động của các yếu tố khí hậu tới sinh vật, nguồn tài nguyên khí hậu nông nghiệp Việt Nam, đánh giá và khai thác hợp lý nguồn tài nguyên khí hậu nông nghiệp, thời gian và nông lịch....

Descripció completa

Guardat en:
Dades bibliogràfiques
Autor principal: Trần, Đức Hạnh
Format: Llibre
Idioma:Undetermined
Publicat: Hà Nội Nông nghiệp 1997
Matèries:
Etiquetes: Afegir etiqueta
Sense etiquetes, Sigues el primer a etiquetar aquest registre!
Thư viện lưu trữ: Trung tâm Học liệu Trường Đại học Cần Thơ
LEADER 01091nam a2200205Ia 4500
001 CTU_127398
008 210402s9999 xx 000 0 und d
082 |a 333.716 
082 |b H107 
100 |a Trần, Đức Hạnh 
245 0 |a Lý thuyết về khai thác hợp lý nguồn tài nguyên khí hậu nông nghiệp : 
245 0 |b (Giáo trình cao học Nông nghiệp) 
245 0 |c Trần Đức Hạnh, Đoàn Văn Điếm, Nguyễn Văn Viết 
260 |a Hà Nội 
260 |b Nông nghiệp 
260 |c 1997 
520 |a Nội dung sách gồm 4 phần chính: Giới thiệu sự tác động của các yếu tố khí hậu tới sinh vật, nguồn tài nguyên khí hậu nông nghiệp Việt Nam, đánh giá và khai thác hợp lý nguồn tài nguyên khí hậu nông nghiệp, thời gian và nông lịch. 
650 |a Agriculture,Development agriculture 
904 |i Hạ Nguyên 
980 |a Trung tâm Học liệu Trường Đại học Cần Thơ